Business practices and taxation in Japan

Guardado en:
Detalles Bibliográficos
Autor principal: Takashi, Kuboi
Formato: Libro
Lenguaje:Undetermined
Publicado: Tokyo The Japan Times, Ltd. 1988
Materias:
Etiquetas: Agregar Etiqueta
Sin Etiquetas, Sea el primero en etiquetar este registro!
Thư viện lưu trữ: Trung tâm Học liệu Trường Đại học Cần Thơ
LEADER 00479nam a2200181Ia 4500
001 CTU_77728
008 210402s9999 xx 000 0 und d
082 |a 338.9 
082 |b K95 
100 |a Takashi, Kuboi 
245 0 |a Business practices and taxation in Japan 
245 0 |c Takashi Kuboi 
260 |a Tokyo 
260 |b The Japan Times, Ltd. 
260 |c 1988 
650 |a Economic policy 
650 |z Japan 
980 |a Trung tâm Học liệu Trường Đại học Cần Thơ